00372nam a22001337a 450000500170000000800410001704100130005808200120007110000130008324500400009626000470013630000290018365000260021220240701102134.0240701b |||||||| |||| 00| 0 eng d aEnglish  a349 ANN lEnglish  aAnnual Survey for South African Law aCape Town: bJuta and Company Ltd, c1973  bxl, 502 pages; c25 cm.  aLegal practice bLaw